| 000 | 00574cam a2200205ua 4500 | ||
|---|---|---|---|
| 001 | 11167 | ||
| 005 | 20260515114719.0 | ||
| 008 | 190902n ii |||gr||||Z||||||eng | ||
| 020 | _a9788120332843 | ||
| 040 | _cMAIN | ||
| 041 | _aeng | ||
| 082 | _a155.4 | ||
| 100 |
_aS K Mangal, _eAuthor. |
||
| 245 |
_aEducating exceptional children : _bAn introduction to spcial education / _cBy S K Mangal . |
||
| 250 | _a9th pri. | ||
| 260 |
_aDelhi: _bPHI learning private limited, _c2018. |
||
| 300 | _a584p. | ||
| 653 | _aDifferential & developmental psychology | ||
| 942 | _cBK | ||
| 999 |
_c10020 _d10020 |
||